Spanish Translations of Movie Titles - Statistics

General Stats
  • This quiz has been taken 806 times
  • The average score is 13 of 28
Answer Stats
Hint Answer % Correct
El Gran Gatsby The Great Gatsby
87%
Buscando a Nemo Finding Nemo
86%
Matilda Matilda
84%
El Mago de Oz The Wizard of Oz
84%
Mala Profesora Bad Teacher
69%
La Ayuda The Help
66%
Diez Cosas Que Odio de Ti 10 Things I Hate About You
65%
El Día Libre de Ferris Bueller Ferris Bueller's Day Off
63%
Los Juegos del Hambre The Hunger Games
61%
Cincuenta Primeras Citas 50 First Dates
57%
Piratas del Caribe: Cofre del Hombre Muerto Pirates of the Caribbean: Dead Man's Chest
50%
Chicas Malas Mean Girls
48%
Guerras Estrellas Episodio I: La Amenaza Fantasma Star Wars Episode I: The Phantom Menace
46%
Arriba Up
46%
Una Historia Navideña A Christmas Story
43%
Mandíbulas Jaws
38%
Ella es Todo Eso She's All That
38%
Enrique Alfarero y la Copa de Fuego Harry Potter and the Goblet of Fire
34%
El Señor de los Anillos: El Compañerismo del Anillo The Lord of the Rings: The Fellowship of the Ring
33%
Congelado Frozen
32%
El Cantante de la Boda The Wedding Singer
31%
Anita Annie
26%
La Vida de un Bicho A Bug's Life
17%
Cenicienta Cinderella
16%
Crepúsculo Twilight
15%
La Resaca The Hangover
14%
Enredado Tangled
10%
Las Gratificaciones de Ser Alhelí The Perks of Being a Wallflower
6%
No matching quizzes found
Score Distribution
Percent of People with Each Score
Percentile by Number Answered
Your Score History
You have not taken this quiz